| 000 -LEADER |
| fixed length control field |
00740cam a22002294a 4500 |
| 020 ## - INTERNATIONAL STANDARD BOOK NUMBER |
| ISBN |
0072833718 (alk. paper) |
| 020 ## - INTERNATIONAL STANDARD BOOK NUMBER |
| ISBN |
9780072833713 (alk. paper) |
| 020 ## - INTERNATIONAL STANDARD BOOK NUMBER |
| ISBN |
0071111026 (international : alk. paper) |
| 020 ## - INTERNATIONAL STANDARD BOOK NUMBER |
| ISBN |
9780071111027 (international : alk. paper) |
| 040 ## - CATALOGING SOURCE |
| Transcribing agency |
DLC |
| 082 00 - DEWEY DECIMAL CLASSIFICATION NUMBER |
| Classification number |
658 MCG 2005 A038 Or. |
| 100 1# - MAIN ENTRY--AUTHOR NAME |
| Personal name |
Cateora, Philip R |
| 245 10 - TITLE STATEMENT |
| Title |
International marketing / |
| 250 ## - EDITION STATEMENT |
| Edition statement |
12th ed |
| 260 ## - PUBLICATION, DISTRIBUTION, ETC. (IMPRINT) |
| Place of publication |
Boston : |
| Name of publisher |
McGraw-Hill/Irwin, |
| Year of publication |
c2005 |
| 300 ## - PHYSICAL DESCRIPTION |
| Number of Pages |
xxxiii, 697 p. : |
| Other physical details |
col. ill., col. maps ; |
| Dimensions |
29 cm. + |
| Accompanying material |
1 CD-ROM (4 3/4 in.) |
| 490 1# - SERIES STATEMENT |
| Series statement |
McGraw-Hill/Irwin series in marketing |
| 650 #0 - SUBJECT ADDED ENTRY--TOPICAL TERM |
| Topical Term |
Export marketing |
| 650 #0 - SUBJECT ADDED ENTRY--TOPICAL TERM |
| Topical Term |
International business enterprises |
| 700 1# - ADDED ENTRY--PERSONAL NAME |
| Personal name |
Graham, John L |
| 942 ## - ADDED ENTRY ELEMENTS (KOHA) |
| Koha item type |
សៀវភៅភាសាអង់គ្លេស |
| 952 ## - LOCATION AND ITEM INFORMATION (KOHA) |
| Withdrawn status [LOCAL, KOHA] |
0 |